[Event "Uxbridge Int Fischer"]
[Site "Denham Grove"]
[Date "2010.02.16"]
[Round "7"]
[White "Bailey, Kevin J"]
[Black "Josse, Mark"]
[Result "1/2-1/2"]
[WhiteElo "2103"]
[BlackElo "2064"]
[PlyCount "77"]
[EventDate "2010.02.13"]
[EventType "tourn"]
[EventRounds "9"]
[EventCountry "ENG"]

1. d4 Nf6 2. c4 g6 3. Nc3 Bg7 4. e4 d6 5. f4 c5 6. d5 O-O 7. Nf3 e6 8. dxe6
Bxe6 9. Bd3 Nc6 10. O-O Re8 11. f5 Bd7 12. fxg6 fxg6 13. Bg5 h6 14. Bf4 Bg4 15.
Qd2 Bxf3 16. gxf3 g5 17. Be3 Rf8 18. Rad1 Nh5 19. Be2 Be5 20. Nb5 Rf6 21. Kh1
a6 22. Nc3 Nf4 23. Nd5 Rf7 24. a3 Nd4 25. Bxd4 Bxd4 26. Nxf4 Rxf4 27. e5 Bxe5
28. Qd5+ Kh8 29. Bd3 Qe7 30. Be4 Rb8 31. b4 Rh4 32. Rf2 cxb4 33. axb4 b6 34.
Rg2 Qf6 35. Qd2 Bf4 36. Qd5 Be5 37. Qd2 Bf4 38. Qd5 Be5 39. Qd2 1/2-1/2

[Event "Uxbridge Int Fischer"]
[Site "Denham Grove"]
[Date "2010.02.16"]
[Round "7"]
[White "Jaunooby, Ali R"]
[Black "O'Gorman, Brendan"]
[Result "1-0"]
[WhiteElo "2171"]
[BlackElo "1862"]
[PlyCount "141"]
[EventDate "2010.02.13"]
[EventType "tourn"]
[EventRounds "9"]
[EventCountry "ENG"]

1. d4 d5 2. c4 c6 3. Nf3 Nf6 4. Nc3 dxc4 5. a4 Bf5 6. Nh4 e6 7. Nxf5 exf5 8. e3
Bb4 9. Bxc4 O-O 10. O-O a5 11. Qb3 Na6 12. Na2 Qe7 13. Nxb4 Nxb4 14. Bd2 Ne4
15. Be1 Rfe8 16. Ra3 c5 17. f3 Nd6 18. d5 Rad8 19. Be2 Rc8 20. Qd1 b6 21. Bg3
Rcd8 22. Qd2 Qb7 23. Rd1 Qe7 24. Qc1 Qf6 25. Rd2 Qe7 26. Qd1 Qf6 27. Rc3 Na2
28. Rb3 Nb4 29. Qb1 g6 30. Qc1 Na2 31. Qc2 Nb4 32. Qc3 Qe7 33. Bc4 Na2 34. Qc2
Nb4 35. Qc1 Na2 36. Qf1 Nb4 37. Rc3 Qg5 38. Bf4 Qf6 39. Bb5 Re7 40. Qd1 g5 41.
Bg3 h5 42. h4 g4 43. Be2 Rde8 44. Bf4 Qxh4 45. Bxd6 g3 46. Bxg3 Qxg3 47. d6 Re6
48. d7 Rd8 49. Bb5 Rg6 50. e4 f4 51. Qe2 h4 52. Qf2 Qg5 53. Kf1 Nc6 54. Rd5 Qe7
55. Qd2 h3 56. gxh3 Nd4 57. Rxd4 cxd4 58. Rc8 Qh4 59. Rxd8+ Qxd8 60. Qxd4 Rg3
61. Kf2 Rxh3 62. Bf1 Qh4+ 63. Ke2 Rh2+ 64. Kd3 Qd8 65. Kc3 Rh5 66. Bb5 Rc5+ 67.
Kb3 Rc7 68. Qd6 Rc5 69. e5 Kg7 70. Qf6+ Qxf6 71. exf6+ 1-0

[Event "Uxbridge Int Fischer"]
[Site "Denham Grove"]
[Date "2010.02.16"]
[Round "7"]
[White "Lewis, Andrew M"]
[Black "Ducatez, Raphael"]
[Result "1/2-1/2"]
[WhiteElo "2066"]
[BlackElo "1894"]
[PlyCount "87"]
[EventDate "2010.02.13"]
[EventType "tourn"]
[EventRounds "9"]
[EventCountry "ENG"]

1. e4 d6 2. d4 Nf6 3. Nc3 g6 4. f3 c6 5. Be3 b5 6. Qd2 Qa5 7. g3 Nbd7 8. Bh3
Ba6 9. Nge2 b4 10. Nd1 c5 11. c3 b3 12. Nc1 Bc4 13. Bf1 Bxf1 14. Nxb3 Qa6 15.
Rxf1 Rb8 16. Nc1 c4 17. Qe2 Qa4 18. Rf2 Bg7 19. Qc2 Qa6 20. Rb1 O-O 21. b4 cxb3
22. axb3 Ne8 23. Qd3 Qb7 24. g4 e6 25. Ra1 Nc7 26. Raa2 d5 27. e5 f5 28. gxf5
Rxf5 29. f4 Rbf8 30. Ne2 Qxb3 31. Rxa7 Qb6 32. Ra1 Qc6 33. Bc1 Nb6 34. Rb1 Nc4
35. Ne3 Nxe3 36. Bxe3 Bh6 37. Qd2 Ra8 38. Qb2 Qa4 39. Qb3 Qa6 40. Qb6 Qd3 41.
Bc1 Rf7 42. Qb3 Rff8 43. Bd2 Ra7 44. Rg2 1/2-1/2

[Event "Uxbridge Int Fischer"]
[Site "Denham Grove"]
[Date "2010.02.17"]
[Round "8"]
[White "Millward, Kevin Philip"]
[Black "Lewis, Andrew M"]
[Result "1/2-1/2"]
[WhiteElo "1970"]
[BlackElo "2066"]
[PlyCount "159"]
[EventDate "2010.02.13"]
[EventType "tourn"]
[EventRounds "9"]
[EventCountry "ENG"]

1. e4 Nc6 2. Nc3 e6 3. g3 d5 4. Bg2 d4 5. Nce2 e5 6. d3 g6 7. f4 f6 8. Nf3 Bg7
9. O-O h6 10. c3 Bg4 11. Qb3 dxc3 12. bxc3 b6 13. d4 Na5 14. Qc2 Qd7 15. dxe5
fxe5 16. Rd1 Qe6 17. Ba3 Nc4 18. Qa4+ c6 19. Rd6 Nxd6 20. Qxc6+ Kf7 21. Qxa8
Ne7 22. Qxa7 Nxe4 23. Qxe7+ Qxe7 24. Bxe7 Kxe7 25. Nh4 Bxe2 26. Nxg6+ Kf6 27.
Bxe4 Rc8 28. fxe5+ Kf7 29. Re1 Bc4 30. a3 Rc5 31. Bf5 Be6 32. Bxe6+ Kxg6 33. c4
Rxe5 34. Rxe5 Bxe5 35. Kf2 Kf6 36. Bd7 Bd6 37. a4 Ke5 38. Kf3 Bc7 39. Kg4 Kf6
40. Kh5 Kg7 41. Bc6 Bd6 42. Kg4 Kf6 43. h3 Bc7 44. Be4 Bd6 45. Kf3 Bc7 46. Bd5
Ke5 47. Kg4 Kf6 48. h4 Bd6 49. Kf3 Ke5 50. g4 Be7 51. Kg3 Bd8 52. Bc6 Be7 53.
Bd7 Bd8 54. g5 hxg5 55. h5 Kf6 56. Kg4 Be7 57. Bf5 Bf8 58. Bg6 Be7 59. Be8 Bf8
60. Kf3 Ke5 61. Bd7 Kd6 62. Bc8 Ke5 63. Ke3 Bc5+ 64. Kf3 Bf8 65. Kg4 Kf6 66.
Bf5 Be7 67. h6 Bd8 68. h7 Kg7 69. Kf3 Be7 70. Ke4 Bc5 71. Kd5 Be3 72. Ke4 Bc5
73. Ke5 Bf2 74. Bd3 Bc5 75. Be4 Be3 76. Kd5 Bf2 77. Ke6 Bd4 78. Kf5 Be3 79. Ke5
Bc5 80. Kd5 1/2-1/2

[Event "Uxbridge Int Fischer"]
[Site "Denham Grove"]
[Date "2010.02.17"]
[Round "8"]
[White "O'Gorman, Brendan"]
[Black "McIntyre, Paul"]
[Result "0-1"]
[WhiteElo "1862"]
[BlackElo "2100"]
[PlyCount "84"]
[EventDate "2010.02.13"]
[EventType "tourn"]
[EventRounds "9"]
[EventCountry "ENG"]

1. Nf3 Nf6 2. c4 c5 3. Nc3 Nc6 4. d4 cxd4 5. Nxd4 e6 6. a3 Bc5 7. e3 O-O 8. Be2
d5 9. O-O Bxd4 10. exd4 dxc4 11. Be3 Na5 12. Qc2 Bd7 13. Rad1 Bc6 14. Bg5 h6
15. Bxf6 Qxf6 16. d5 exd5 17. Nxd5 Qg5 18. f4 Qd8 19. Bf3 Qd6 20. Kh1 Rad8 21.
Nb4 Qc5 22. Nxc6 Nxc6 23. Bxc6 Qxc6 24. f5 b5 25. f6 Rxd1 26. Qxd1 g6 27. Qd2
Re8 28. h4 Re6 29. Qxh6 Rxf6 30. Rd1 Rd6 31. Re1 Re6 32. Rd1 Qe8 33. h5 Re1+
34. Rxe1 Qxe1+ 35. Kh2 Qe5+ 36. Kg1 Qxh5 37. Qe3 Qd1+ 38. Kh2 Qd6+ 39. Kh1 Qd7
40. Qf3 Qd4 41. Qe2 Kg7 42. Kh2 a5 0-1

[Event "Uxbridge Int Fischer"]
[Site "Denham Grove"]
[Date "2010.02.17"]
[Round "8"]
[White "Yurenok, Maria S"]
[Black "Bailey, Kevin J"]
[Result "1/2-1/2"]
[WhiteElo "1974"]
[BlackElo "2103"]
[PlyCount "130"]
[EventDate "2010.02.13"]
[EventType "tourn"]
[EventRounds "9"]
[EventCountry "ENG"]

1. d4 f5 2. g3 Nf6 3. Bg2 g6 4. Nh3 Bg7 5. c4 Nc6 6. Nc3 O-O 7. O-O e6 8. d5
Ne5 9. c5 c6 10. dxc6 dxc6 11. Qxd8 Rxd8 12. Bg5 Nf7 13. Rad1 Rxd1 14. Rxd1 e5
15. Bxf6 Bxf6 16. e4 Be6 17. f3 Be7 18. Na4 b5 19. cxb6 axb6 20. b3 b5 21. Nc3
Bc5+ 22. Nf2 Kf8 23. Bf1 Ke7 24. Bd3 Bd7 25. Bb1 Bd4 26. Ne2 Bb6 27. Kg2 Be6
28. Nc3 Rd8 29. Rxd8 Kxd8 30. Nd3 Kd7 31. Bc2 Kd6 32. a4 bxa4 33. Nxa4 Bd4 34.
h4 Nd8 35. Nab2 fxe4 36. fxe4 Bg4 37. Nc4+ Ke6 38. Nb4 Bc3 39. Nd3 Nb7 40. Kf2
Nd6 41. Nxd6 Kxd6 42. Ke3 Bd4+ 43. Kd2 Bf3 44. Ne1 Bg4 45. Nd3 Bh3 46. Ke2 Bg2
47. Ne1 Bh3 48. Nd3 c5 49. Nf2 Bd7 50. Kf3 Be6 51. Ng4 Ke7 52. Ne3 Bxe3 53.
Kxe3 Kf6 54. Bd1 g5 55. hxg5+ Kxg5 56. Kd3 Bf7 57. Kc3 Be6 58. Kd3 Kf6 59. Ke3
Ke7 60. Kd3 Kd6 61. Ke3 Kc6 62. Kd3 Kb5 63. Kc3 Ka5 64. Be2 Bf7 65. Bg4 Kb5
1/2-1/2

[Event "Uxbridge Int Fischer"]
[Site "Denham Grove"]
[Date "2010.02.17"]
[Round "9"]
[White "Ducatez, Raphael"]
[Black "Millward, Kevin Philip"]
[Result "1-0"]
[WhiteElo "1894"]
[BlackElo "1970"]
[PlyCount "59"]
[EventDate "2010.02.13"]
[EventType "tourn"]
[EventRounds "9"]
[EventCountry "ENG"]

1. e4 e6 2. d3 b6 3. Nc3 Bb7 4. f4 Ne7 5. Nf3 d5 6. exd5 Nxd5 7. Be2 Nxc3 8.
bxc3 Nd7 9. O-O Bd6 10. Be3 Nf6 11. Ne5 Nd5 12. Bd2 Qf6 13. d4 Qe7 14. Bb5+ Kf8
15. Qe2 Kg8 16. Rae1 Bxe5 17. fxe5 Rf8 18. Qg4 h5 19. Qg3 h4 20. Qg4 h3 21. g3
Qa3 22. Bd3 Nxc3 23. Bg5 g6 24. Bxg6 fxg6 25. Qxe6+ Kg7 26. Bf6+ Rxf6 27. exf6+
Kh7 28. Qd7+ Kh6 29. Qg7+ Kh5 30. Re5+ 1-0

[Event "Uxbridge Int Fischer"]
[Site "Denham Grove"]
[Date "2010.02.17"]
[Round "9"]
[White "Jaunooby, Ali R"]
[Black "Yurenok, Maria S"]
[Result "1-0"]
[WhiteElo "2171"]
[BlackElo "1974"]
[PlyCount "113"]
[EventDate "2010.02.13"]
[EventType "tourn"]
[EventRounds "9"]
[EventCountry "ENG"]

1. d4 d5 2. c4 c6 3. Nf3 Nf6 4. Nc3 dxc4 5. a4 Bf5 6. Ne5 Nbd7 7. Nxc4 Qc7 8.
f3 e5 9. e4 exd4 10. Ne2 Bb4+ 11. Kf2 d3 12. Qxd3 Be6 13. Bf4 Bxc4 14. Qxc4
Qb6+ 15. Be3 Bc5 16. Ra3 Bxe3+ 17. Rxe3 O-O 18. Qd4 Rfd8 19. Qxb6 axb6 20. b3
Nc5 21. Nc1 Rd1 22. Re1 Rd2+ 23. Re2 Rd1 24. Rc2 Rad8 25. Rg1 R1d2+ 26. Rxd2
Rxd2+ 27. Be2 Rb2 28. Rd1 g6 29. Ke3 Nxb3 30. Rd8+ Kg7 31. Nd3 Ra2 32. g4 h6
33. h4 g5 34. hxg5 hxg5 35. Bd1 Nc5 36. Ne5 Ra3+ 37. Kd2 Nxa4 38. Ra8 b5 39.
Ra7 Ra2+ 40. Bc2 Ne8 41. Rxb7 Nd6 42. Rc7 Nc4+ 43. Nxc4 bxc4 44. Rxc6 Rb2 45.
Rxc4 Nb6 46. Rc7 Na8 47. Ra7 Rb8 48. e5 Kg8 49. Ke3 Rc8 50. Bb1 Nc7 51. Ke4 Ne6
52. Ba2 Rb8 53. Kf5 Rb6 54. Rd7 Kf8 55. Bd5 Ke8 56. Rd6 Rb4 57. Bxe6 1-0

[Event "Uxbridge Int Fischer"]
[Site "Denham Grove"]
[Date "2010.02.17"]
[Round "9"]
[White "Lewis, Andrew M"]
[Black "O'Gorman, Brendan"]
[Result "1/2-1/2"]
[WhiteElo "2066"]
[BlackElo "1862"]
[PlyCount "41"]
[EventDate "2010.02.13"]
[EventType "tourn"]
[EventRounds "9"]
[EventCountry "ENG"]

1. c4 c5 2. g3 Nc6 3. Bg2 g6 4. Nc3 Bg7 5. a3 e5 6. Rb1 a5 7. e3 Nge7 8. Nge2
O-O 9. O-O d6 10. b3 Bf5 11. d3 Qd7 12. Re1 Bh3 13. Bh1 f5 14. Nd5 Rae8 15. Bb2
Kh8 16. Qd2 Qd8 17. f4 Nxd5 18. Bxd5 Qc7 19. d4 exd4 20. exd4 Re7 21. Bxc6
1/2-1/2

[Event "Uxbridge Int Fischer"]
[Site "Denham Grove"]
[Date "2010.02.17"]
[Round "9"]
[White "McIntyre, Paul"]
[Black "Josse, Mark"]
[Result "0-1"]
[WhiteElo "2100"]
[BlackElo "2064"]
[PlyCount "148"]
[EventDate "2010.02.13"]
[EventType "tourn"]
[EventRounds "9"]
[EventCountry "ENG"]

1. e4 c5 2. Nf3 d6 3. c3 Nf6 4. Be2 Bd7 5. d4 Nxe4 6. O-O e6 7. Bd3 Nf6 8. Bg5
Be7 9. Nbd2 Nc6 10. Nc4 cxd4 11. cxd4 d5 12. Nce5 Qb6 13. Rc1 h6 14. Bh4 Rc8
15. Re1 a6 16. Re2 Na7 17. Rec2 Rxc2 18. Qxc2 Nc6 19. a3 Nd8 20. Bg6 Bc6 21.
Nxf7 Nxf7 22. Ne5 O-O 23. Bxf6 Bxf6 24. Bh7+ Kh8 25. Ng6+ Kxh7 26. Nxf8+ Kg8
27. Nxe6 Ng5 28. Nxg5 Bxg5 29. Rd1 Bf6 30. Qf5 Qd8 31. h3 Qd7 32. Qf4 Qe7 33.
Qf5 Qd7 34. Qg6 Qe6 35. Qd3 Bb5 36. Qc3 Qf5 37. Qe3 Bg5 38. Qe5 Qxe5 39. dxe5
Bc4 40. g3 Kf7 41. b3 Bxb3 42. Rb1 Bc4 43. Rxb7+ Be7 44. f4 g6 45. g4 Bd3 46.
Kf2 Be4 47. Ke3 Bg2 48. Kd4 Bxh3 49. f5 gxf5 50. gxf5 Bxf5 51. Kxd5 h5 52. Rb6
Bd3 53. Rh6 h4 54. Kd4 Bg6 55. Rh8 Kg7 56. Rb8 h3 57. Rb3 Bf5 58. Rg3+ Kh6 59.
Rg1 Bxa3 60. Kd5 Kh5 61. e6 Kh4 62. Ke5 Bg4 63. Kf6 h2 64. Rh1 Kg3 65. e7 Bb2+
66. Kg5 Bd7 67. Rd1 Bb5 68. Rb1 Ba3 69. Rb3+ Kg2 70. Rxa3 h1=Q 71. Rb3 Qc1+ 72.
Kf6 Qf4+ 73. Kg7 Qe5+ 74. Kf8 Qf6+ 0-1

[Event "Uxbridge Int Morphy"]
[Site "Denham Grove"]
[Date "2010.02.13"]
[Round "1"]
[White "Arkell, Keith C"]
[Black "McNab, Colin A"]
[Result "1/2-1/2"]
[WhiteElo "2462"]
[BlackElo "2475"]
[PlyCount "69"]
[EventDate "2010.02.13"]
[EventType "tourn"]
[EventRounds "9"]
[EventCountry "ENG"]

1. d4 d6 2. Nf3 g6 3. g3 Bg7 4. Bg2 Nd7 5. O-O e5 6. e4 Ngf6 7. Re1 O-O 8. c4
c6 9. Nc3 Qa5 10. d5 cxd5 11. cxd5 b5 12. a3 a6 13. Bd2 Qc7 14. Na2 Nb6 15. b3
Bd7 16. Rc1 Qb7 17. Bb4 Ne8 18. Qd2 Rc8 19. Ba5 Nf6 20. Qe3 Na8 21. h3 Rxc1 22.
Rxc1 Rc8 23. Ne1 Rxc1 24. Qxc1 Ne8 25. Nb4 Bf6 26. Nc6 Nac7 27. Nd3 Ne6 28.
dxe6 Bxc6 29. Nb4 Bxe4 30. Bxe4 Qxe4 31. Qc8 Qe1+ 32. Kg2 Qe4+ 33. Kh2 Kf8 34.
Nxa6 Qf5 35. Nc7 1/2-1/2

[Event "Uxbridge Int Morphy"]
[Site "Denham Grove"]
[Date "2010.02.13"]
[Round "1"]
[White "Cox, John J"]
[Black "Larsen, Karsten"]
[Result "1-0"]
[WhiteElo "2387"]
[BlackElo "2319"]
[PlyCount "85"]
[EventDate "2010.02.13"]
[EventType "tourn"]
[EventRounds "9"]
[EventCountry "ENG"]

1. c4 g6 2. Nf3 Bg7 3. e4 c5 4. d4 cxd4 5. Nxd4 Nc6 6. Be3 Nf6 7. Nc3 O-O 8.
Be2 d6 9. O-O Bd7 10. Qd2 Rc8 11. Rac1 Ne5 12. b3 Re8 13. h3 a6 14. f4 Nc6 15.
Bf3 Qa5 16. Qf2 Nh5 17. Nde2 Nf6 18. c5 Be6 19. cxd6 exd6 20. Rfd1 Bf8 21. Nd4
Bd7 22. Kh1 Bg7 23. Nde2 Qb4 24. Nd5 Nxe4 25. Qh4 Qa3 26. Nb6 Bf6 27. Qe1 Rcd8
28. Bxe4 Rxe4 29. Nc3 Ree8 30. Nc4 Qb4 31. Nd5 Qxe1+ 32. Rxe1 Bg7 33. Nxd6 Be6
34. Nxe8 Bxd5 35. Nxg7 Kxg7 36. Rcd1 Kf6 37. Kg1 Rd7 38. Rd2 h5 39. g4 hxg4 40.
hxg4 Rd8 41. Bd4+ Nxd4 42. Rxd4 Rd7 43. g5+ 1-0

[Event "Uxbridge Int Morphy"]
[Site "Denham Grove"]
[Date "2010.02.13"]
[Round "1"]
[White "Slavin, Alexei"]
[Black "Zhou, Yang-Fan"]
[Result "1-0"]
[WhiteElo "2368"]
[BlackElo "2279"]
[PlyCount "75"]
[EventDate "2010.02.13"]
[EventType "tourn"]
[EventRounds "9"]
[EventCountry "ENG"]

1. d4 Nf6 2. Nf3 g6 3. c4 d6 4. h3 Bg7 5. Nc3 O-O 6. e4 e5 7. d5 Na6 8. Bg5 h6
9. Be3 Nc5 10. Nd2 Nfd7 11. g4 a5 12. h4 c6 13. h5 g5 14. b3 Nf6 15. Be2 Bd7
16. f3 cxd5 17. cxd5 Ne8 18. O-O Qb8 19. Bb5 Nc7 20. Bxd7 Nxd7 21. Qe2 b5 22.
a4 b4 23. Nb5 Ne8 24. Rac1 Bf6 25. Rc6 Be7 26. Rfc1 Qd8 27. Nf1 f5 28. gxf5
Nef6 29. Nc7 Nxh5 30. Nxa8 Qxa8 31. Qh2 Ndf6 32. Ng3 Nxg3 33. Qxg3 Kf7 34. Rc7
Rg8 35. Ra7 Qb8 36. Rcc7 Re8 37. Qh3 h5 38. Kf1 1-0

[Event "Uxbridge Int Morphy"]
[Site "Denham Grove"]
[Date "2010.02.13"]
[Round "1"]
[White "Tserendorj, Sainbayar"]
[Black "Adair, James"]
[Result "0-1"]
[WhiteElo "2019"]
[BlackElo "2167"]
[PlyCount "116"]
[EventDate "2010.02.13"]
[EventType "tourn"]
[EventRounds "9"]
[EventCountry "ENG"]

1. c4 c5 2. g3 Nc6 3. Bg2 g6 4. Nf3 Bg7 5. O-O e5 6. d3 Nge7 7. Nc3 O-O 8. Ne1
Rb8 9. Nc2 a6 10. a4 d6 11. Bg5 f6 12. Bd2 Be6 13. Ne3 Nb4 14. Ned5 Nbxd5 15.
Nxd5 b5 16. axb5 axb5 17. Nxe7+ Qxe7 18. b3 f5 19. Ra5 Rb6 20. e3 Rfb8 21. Bc3
bxc4 22. bxc4 e4 23. Bxg7 Qxg7 24. Ra1 Qf7 25. Rc1 exd3 26. Qxd3 Rd8 27. Rfd1
Rb4 28. Bd5 Bxd5 29. Qxd5 Qxd5 30. Rxd5 Kf7 31. Rd2 Ke6 32. Kg2 Rdb8 33. Kf3
Rb2 34. Rd5 Ra2 35. Rcd1 Rb6 36. R1d2 Ra4 37. Rc2 Rxc4 38. Rxd6+ Kxd6 39. Rxc4
Kd5 40. Rc2 c4 41. h4 Kc5 42. Ke2 Rd6 43. Rd2 Rxd2+ 44. Kxd2 Kb4 45. Kc2 c3 46.
f3 Kc4 47. g4 fxg4 48. fxg4 h6 49. g5 hxg5 50. hxg5 Kb4 51. Kc1 Kb3 52. Kb1 c2+
53. Kc1 Kc3 54. e4 Kd4 55. Kxc2 Kxe4 56. Kd2 Kf4 57. Ke2 Kxg5 58. Kf3 Kh4 0-1

[Event "Uxbridge Int Morphy"]
[Site "Denham Grove"]
[Date "2010.02.13"]
[Round "1"]
[White "Tymrakiewicz, Rafal"]
[Black "Brown, Thomas"]
[Result "1-0"]
[WhiteElo "2273"]
[BlackElo "2064"]
[PlyCount "43"]
[EventDate "2010.02.13"]
[EventType "tourn"]
[EventRounds "9"]
[EventCountry "ENG"]

1. d4 Nf6 2. Nf3 d5 3. e3 c5 4. Nbd2 Nc6 5. c3 cxd4 6. exd4 Bg4 7. h3 Bxf3 8.
Nxf3 e6 9. Bd3 a6 10. O-O Qc7 11. Qe2 Be7 12. Bd2 Nd7 13. Rae1 b5 14. Ng5 Bxg5
15. Bxg5 Ne7 16. f4 g6 17. f5 gxf5 18. Bxf5 Nxf5 19. Rxf5 O-O 20. Rf4 Rae8 21.
Bh6 f5 22. Rg4+ 1-0

[Event "Uxbridge Int Morphy"]
[Site "Denham Grove"]
[Date "2010.02.14"]
[Round "2"]
[White "Larsen, Karsten"]
[Black "Slavin, Alexei"]
[Result "0-1"]
[WhiteElo "2319"]
[BlackElo "2368"]
[PlyCount "102"]
[EventDate "2010.02.13"]
[EventType "tourn"]
[EventRounds "9"]
[EventCountry "ENG"]

1. g3 c5 2. Bg2 g6 3. f4 d5 4. Nf3 Nf6 5. O-O Bg7 6. d3 O-O 7. Qe1 d4 8. c3 Nc6
9. Na3 Nd5 10. Bd2 e5 11. fxe5 Nxe5 12. Nxe5 Bxe5 13. Nc4 Bg7 14. e4 Nb6 15.
Nxb6 Qxb6 16. c4 Qxb2 17. Rf2 Qa3 18. Qe2 Be6 19. Bg5 Rab8 20. Be7 Rfe8 21. Bd6
Rbc8 22. Rb1 Qa6 23. e5 b6 24. h4 h5 25. Bf3 Qa4 26. Rbf1 Qd7 27. Re1 Bh6 28.
Kh2 Be3 29. Rff1 Bh3 30. Bd5 Bf5 31. Rxf5 gxf5 32. Qxh5 Re6 33. Bxe6 fxe6 34.
Qg6+ Kh8 35. Qf6+ Kh7 36. g4 fxg4 37. Rf1 Rg8 38. Kg3 Rg7 39. Bf8 Rg6 40. Qe7+
Qxe7 41. Bxe7 Rg8 42. a4 Kg6 43. Kxg4 Kh6+ 44. Kh3 Kh5 45. Bf6 Rg4 46. Be7 Bf4
47. Bg5 Rg3+ 48. Kh2 Rf3+ 49. Kg2 Rxf1 50. Kxf1 Bxg5 51. hxg5 Kxg5 0-1

[Event "Uxbridge Int Morphy"]
[Site "Denham Grove"]
[Date "2010.02.14"]
[Round "2"]
[White "Zhou, Yang-Fan"]
[Black "Arkell, Keith C"]
[Result "0-1"]
[WhiteElo "2279"]
[BlackElo "2462"]
[PlyCount "106"]
[EventDate "2010.02.13"]
[EventType "tourn"]
[EventRounds "9"]
[EventCountry "ENG"]

1. e4 c6 2. Nc3 d5 3. Nf3 Bg4 4. h3 Bxf3 5. Qxf3 Nf6 6. Be2 e6 7. O-O Nbd7 8.
d4 dxe4 9. Nxe4 Nxe4 10. Qxe4 Nf6 11. Qd3 Be7 12. c4 O-O 13. Be3 Qc7 14. Bf3
Rfd8 15. Rfd1 Rd7 16. Qb3 Rad8 17. Rac1 Qa5 18. Qc3 Qf5 19. a3 h6 20. Qc2 Qxc2
21. Rxc2 a5 22. Rcd2 a4 23. Kf1 Bd6 24. g4 g5 25. h4 Bf4 26. hxg5 hxg5 27. Ke2
Kg7 28. Bxf4 gxf4 29. d5 cxd5 30. cxd5 e5 31. g5 Ne8 32. Bg4 Rd6 33. Kf3 Rg6
34. d6 Rxg5 35. Bc8 Rxc8 36. d7 Rd8 37. dxe8=Q Rxe8 38. Rd7 b5 39. Rb7 Kg6 40.
Rdd7 e4+ 41. Kxf4 Rf5+ 42. Ke3 Rf3+ 43. Ke2 Re5 44. Rd6+ f6 45. Rd2 Rb3 46.
Rbd7 Kg5 47. R7d4 Kf4 48. Rb4 Rc5 49. Rxb3 axb3 50. Kd1 f5 51. Re2 Rc2 52. Ke1
Rxe2+ 53. Kxe2 Ke5 0-1

[Event "Uxbridge Int Morphy"]
[Site "Denham Grove"]
[Date "2010.02.14"]
[Round "3"]
[White "Arkell, Keith C"]
[Black "Larsen, Karsten"]
[Result "1/2-1/2"]
[WhiteElo "2462"]
[BlackElo "2319"]
[PlyCount "38"]
[EventDate "2010.02.13"]
[EventType "tourn"]
[EventRounds "9"]
[EventCountry "ENG"]

1. d4 d5 2. c4 e6 3. Nf3 Nf6 4. cxd5 exd5 5. Nc3 Be7 6. Bg5 c6 7. e3 Bf5 8.
Bxf6 Bxf6 9. Bd3 Bxd3 10. Qxd3 Nd7 11. b4 a6 12. a4 Be7 13. Rb1 b5 14. a5 Bd6
15. e4 O-O 16. e5 Qe7 17. O-O Bxb4 18. Ra1 Qd8 19. Ne2 Re8 1/2-1/2

[Event "Uxbridge Int Morphy"]
[Site "Denham Grove"]
[Date "2010.02.14"]
[Round "3"]
[White "Cox, John J"]
[Black "Tymrakiewicz, Rafal"]
[Result "1/2-1/2"]
[WhiteElo "2387"]
[BlackElo "2273"]
[PlyCount "106"]
[EventDate "2010.02.13"]
[EventType "tourn"]
[EventRounds "9"]
[EventCountry "ENG"]

1. d4 Nf6 2. c4 g6 3. Nc3 d5 4. Nf3 Bg7 5. Bg5 dxc4 6. Qa4+ c6 7. Qxc4 Be6 8.
Qd3 b5 9. e3 a6 10. Be2 O-O 11. O-O Nbd7 12. h3 h6 13. Bf4 Rc8 14. Rfd1 Qa5 15.
a3 Bb3 16. Rdc1 c5 17. Nd2 Bc4 18. Nxc4 bxc4 19. Qxc4 cxd4 20. Qa4 Qxa4 21.
Nxa4 g5 22. Bh2 dxe3 23. fxe3 a5 24. Rxc8 Rxc8 25. Rd1 h5 26. Bg3 Ne4 27. Be1
Ne5 28. Bxa5 Rc2 29. Bxh5 Nc4 30. Bf3 f5 31. Bxe4 fxe4 32. Bc3 Bxc3 33. Nxc3
Nxe3 34. Re1 Nc4 35. Re2 Rxe2 36. Nxe2 Nxb2 37. Nc3 Nc4 38. a4 e3 39. Kf1 Kf7
40. Ke2 Ke6 41. Kd3 e2 42. Kxe2 Ke5 43. Kd3 Nb2+ 44. Ke3 Nc4+ 45. Kf3 Kd4 46.
Nd1 e5 47. Kg4 e4 48. Kxg5 Nb2 49. a5 Nxd1 50. a6 e3 51. a7 e2 52. a8=Q e1=Q
53. Qd8+ Kc4 1/2-1/2

[Event "Uxbridge Int Morphy"]
[Site "Denham Grove"]
[Date "2010.02.14"]
[Round "3"]
[White "Slavin, Alexei"]
[Black "Adair, James"]
[Result "1-0"]
[WhiteElo "2368"]
[BlackElo "2167"]
[PlyCount "91"]
[EventDate "2010.02.13"]
[EventType "tourn"]
[EventRounds "9"]
[EventCountry "ENG"]

1. d4 Nf6 2. Nf3 e6 3. e3 c5 4. Bd3 cxd4 5. exd4 Be7 6. O-O O-O 7. c4 d5 8. b3
b6 9. Bb2 Bb7 10. Nc3 Nc6 11. Qe2 Rc8 12. Rad1 Re8 13. Rfe1 Bf8 14. Bb1 g6 15.
Ne5 Bg7 16. Qe3 Na5 17. Bd3 dxc4 18. bxc4 Qc7 19. Nb5 Qb8 20. a4 Nc6 21. h3 a6
22. Nc3 Qd6 23. Na2 Qc7 24. f4 Rcd8 25. Rc1 Ne7 26. Qf2 Nd7 27. Nc3 Nf5 28. Ne4
h6 29. Bb1 Nd6 30. Nd2 Nf8 31. Ndf3 Nd7 32. c5 bxc5 33. dxc5 Nf5 34. c6 Nxe5
35. Bxe5 Bxe5 36. cxb7 Qxc1 37. Rxc1 Bxf4 38. Re1 Bg3 39. Qe2 Bxe1 40. Nxe1 Nd4
41. Qxa6 e5 42. Be4 Kg7 43. Nf3 Ne6 44. Bc6 Rd1+ 45. Kh2 Red8 46. Qa8 1-0

[Event "Uxbridge Int Morphy"]
[Site "Denham Grove"]
[Date "2010.02.15"]
[Round "4"]
[White "Adair, James"]
[Black "Arkell, Keith C"]
[Result "0-1"]
[WhiteElo "2167"]
[BlackElo "2462"]
[PlyCount "58"]
[EventDate "2010.02.13"]
[EventType "tourn"]
[EventRounds "9"]
[EventCountry "ENG"]

1. d4 Nf6 2. c4 e6 3. Nc3 Bb4 4. Qc2 c5 5. dxc5 Na6 6. a3 Qa5 7. Bd2 Nxc5 8.
Rd1 Bxc3 9. Bxc3 Qa4 10. Qxa4 Nxa4 11. Bd4 b6 12. b3 Nc5 13. b4 Na4 14. e3 Ke7
15. Bd3 d6 16. f4 Bb7 17. Nf3 a5 18. O-O Ne4 19. Bxg7 Rhg8 20. Bd4 axb4 21.
axb4 f6 22. Bc2 e5 23. Ba1 Nac3 24. Bxc3 Nxc3 25. Rd3 Ne2+ 26. Kf2 e4 27. Rd2
exf3 28. gxf3 Nc3 29. Rd3 Ne4+ 0-1

[Event "Uxbridge Int Morphy"]
[Site "Denham Grove"]
[Date "2010.02.15"]
[Round "4"]
[White "Brown, Thomas"]
[Black "Zhou, Yang-Fan"]
[Result "0-1"]
[WhiteElo "2064"]
[BlackElo "2279"]
[PlyCount "42"]
[EventDate "2010.02.13"]
[EventType "tourn"]
[EventRounds "9"]
[EventCountry "ENG"]

1. d4 Nf6 2. c4 g6 3. Nc3 Bg7 4. e4 d6 5. Nf3 O-O 6. Be2 Nbd7 7. h3 e5 8. dxe5
dxe5 9. Be3 c6 10. O-O Qe7 11. Qc2 Nh5 12. Rfd1 Nf4 13. Bf1 Ne6 14. Qd2 Re8 15.
Rab1 f5 16. exf5 gxf5 17. Bh6 Bf6 18. h4 e4 19. Ng5 Ne5 20. Qd6 Nxg5 21. Qxe7
Ngf3+ 0-1

[Event "Uxbridge Int Morphy"]
[Site "Denham Grove"]
[Date "2010.02.15"]
[Round "4"]
[White "Larsen, Karsten"]
[Black "McNab, Colin A"]
[Result "0-1"]
[WhiteElo "2319"]
[BlackElo "2475"]
[PlyCount "86"]
[EventDate "2010.02.13"]
[EventType "tourn"]
[EventRounds "9"]
[EventCountry "ENG"]

1. e4 g6 2. d4 d6 3. Nf3 Nf6 4. Bd3 Bg7 5. O-O O-O 6. Re1 Nc6 7. c3 e5 8. h3
Re8 9. d5 Ne7 10. c4 Nd7 11. Nc3 h6 12. b4 f5 13. a4 f4 14. c5 Nf6 15. Ba3 g5
16. cxd6 cxd6 17. Rc1 Ng6 18. Nh2 Re7 19. Be2 Bf8 20. Ng4 Ne8 21. Nh2 Rh7 22.
Bh5 Nh8 23. Bg4 Bxg4 24. Qxg4 h5 25. Qe2 Nf6 26. f3 Rc8 27. Nb5 a6 28. Rxc8
Qxc8 29. Rc1 Qd8 30. Na7 Rc7 31. a5 Be7 32. Rc4 Qb8 33. Rxc7 Qxc7 34. Bb2 g4
35. hxg4 hxg4 36. Nxg4 Nxg4 37. fxg4 Bh4 38. Nc6 bxc6 39. Qxa6 cxd5 40. Qa8+
Kg7 41. Qxd5 Nf7 42. Qd2 Bg3 43. b5 Qc5+ 0-1